000 00472nam a2200181Ia 4500
008 240510s9999 xx 000 0 und d
020 _a9789171559487
041 _aEng
082 _a658.514
082 _bE23
100 _aEDIRISURIYA;A.
245 0 _aDesign Support for e-Commerce Information Systems using Goal,Business and Process Modelling
260 _bStockholm:Stockholm University
260 _c2009
300 _a187 p.
942 _2ddc
942 _cLBK
999 _c28919
_d28919
945 _a1
_bMadushi Gamage
_c1
_dMadushi Gamage